Normal view
MARC view
- Rolak Loren A
Entry Personal Name
001 - CONTROL NUMBER
- control field: 178177
003 - CONTROL NUMBER IDENTIFIER
- control field: OSt
005 - DATE AND TIME OF LATEST TRANSACTION
- control field: 20230314152341.0
008 - FIXED-LENGTH DATA ELEMENTS
- fixed length control field: 230314|| aca||aabn | a|a d
040 ## - CATALOGING SOURCE
- Original cataloging agency: OSt
- Transcribing agency: OSt
100 ## - HEADING--PERSONAL NAME
- Personal name: Rolak Loren A
670 ## - SOURCE DATA FOUND
- Source citation: Work cat.: (OSt)138763: Rolak Loren A, Neurology Secrets, 2005